000 00787nam a2200205 4500
001 113549
003 ES-MaACL
005 20240509110823.0
007 t|
008 061121s1972 sp r ||||1| spa d
100 1 _aPabst, Walter.
_988106
245 1 3 _aLa novela corta en la teoría y en la creación literaria
_b: notas para la historia de su antinomia en las literaturas románicas /
_cWalter Pabst ; versión de Rafael de la Vega.
260 _aMadrid :
_bGredos,
_c1972.
300 _a510 p. ;
_c21 cm.
490 1 _aBiblioteca románica hispánica. Estudios y ensayos ;
_v179
700 1 _aVega, Rafael de la.
_9113581
830 0 _aBiblioteca románica hispánica. II. Estudios y ensayos
_v179
_9178108
852 _aES-MaACL
_jC-47907
_bR.84714
999 _c113549
_d113549